000 00654aas a2200241 4500
999 _c1363
_d1363
003 BR-BrBNA
005 20230317233143.0
007 ta
008 230119b bl ||||| |||| 00| 0 por d
022 _a0101-6563
035 _a000485-5
040 _aBR-BrBNA
_bPor
_cBR-BrBNA
042 _a016227-2
044 _abl
245 _aBrasil Suinicola (Brazil)
260 _aSão Paulo-SP
_bWilliam Editora Ltda.
_c1981. Data final de publicação em 1983
_eBSP
310 _abimestral (de dois em dois meses)
500 _aSuspenso
505 _a1981 1(1-6); 1982 2(7-8,11-12); 1983 3(13);
650 1 2 _gSUINOS
909 _a56
_bSergio Santos
_c56
_dSergio Santos
942 _cCR
_2AGRIS